The elements of New Testament Greek / (Record no. 11082)
[ view plain ]
| 000 -LEADER | |
|---|---|
| fixed length control field | 01753cam a2200409I 4500 |
| 001 - CONTROL NUMBER | |
| control field | 1829806 |
| 003 - CONTROL NUMBER IDENTIFIER | |
| control field | OCoLC |
| 005 - DATE AND TIME OF LATEST TRANSACTION | |
| control field | 20221130123551.0 |
| 008 - FIXED-LENGTH DATA ELEMENTS--GENERAL INFORMATION | |
| fixed length control field | 751112s1965 enk 001 0 eng |
| 010 ## - LIBRARY OF CONGRESS CONTROL NUMBER | |
| LC control number | 65008672 |
| 020 ## - INTERNATIONAL STANDARD BOOK NUMBER | |
| International Standard Book Number | 0521098424 |
| 020 ## - INTERNATIONAL STANDARD BOOK NUMBER | |
| International Standard Book Number | 9780521098427 |
| 020 ## - INTERNATIONAL STANDARD BOOK NUMBER | |
| International Standard Book Number | 0521067685 |
| 020 ## - INTERNATIONAL STANDARD BOOK NUMBER | |
| International Standard Book Number | 9780521067683 |
| 035 ## - SYSTEM CONTROL NUMBER | |
| System control number | tcgc206998 |
| 035 ## - SYSTEM CONTROL NUMBER | |
| System control number | (OCoLC)01829806 |
| Canceled/invalid control number | (OCoLC)3715952 |
| -- | (OCoLC)8918824 |
| -- | (OCoLC)59001814 |
| -- | (OCoLC)224213294 |
| -- | (OCoLC)642901926 |
| -- | (OCoLC)874321929 |
| -- | (OCoLC)1023842005 |
| -- | (OCoLC)1079336050 |
| 040 ## - CATALOGING SOURCE | |
| Original cataloging agency | DLC |
| Language of cataloging | eng |
| Description conventions | rda |
| Transcribing agency | FHM |
| Modifying agency | FHM |
| -- | m.c. |
| -- | OCL |
| -- | CGP |
| -- | OTC |
| 041 0# - LANGUAGE CODE | |
| Language code of text/sound track or separate title | eng |
| -- | grc |
| 042 ## - AUTHENTICATION CODE | |
| Authentication code | premarc |
| 050 00 - LIBRARY OF CONGRESS CALL NUMBER | |
| Classification number | PA817 |
| Item number | .W4 |
| 055 #4 - CLASSIFICATION NUMBERS ASSIGNED IN CANADA | |
| Item number | W474E |
| 080 0# - UNIVERSAL DECIMAL CLASSIFICATION NUMBER | |
| Universal Decimal Classification number | 475-5 |
| 082 04 - DEWEY DECIMAL CLASSIFICATION NUMBER | |
| Classification number | 487.4 |
| Edition number | 18 |
| Item number | W474E |
| 100 1# - MAIN ENTRY--PERSONAL NAME | |
| Personal name | Wenham, John William. |
| Authority record control number or standard number | https://id.loc.gov/authorities/names/n50004968 |
| 245 14 - TITLE STATEMENT | |
| Title | The elements of New Testament Greek / |
| Statement of responsibility, etc. | J. W. Wenham. |
| 264 #1 - PRODUCTION, PUBLICATION, DISTRIBUTION, MANUFACTURE, AND COPYRIGHT NOTICE | |
| Place of production, publication, distribution, manufacture | Cambridge [Eng.] : |
| Name of producer, publisher, distributor, manufacturer | University Press, |
| Date of production, publication, distribution, manufacture, or copyright notice | 1965. |
| 300 ## - PHYSICAL DESCRIPTION | |
| Extent | xi, 267 pages ; |
| Dimensions | 22 cm |
| 336 ## - CONTENT TYPE | |
| Content type term | text |
| Content type code | txt |
| Source | rdacontent |
| 337 ## - MEDIA TYPE | |
| Media type term | unmediated |
| Media type code | n |
| Source | rdamedia |
| 338 ## - CARRIER TYPE | |
| Carrier type term | volume |
| Carrier type code | nc |
| Source | rdacarrier |
| 500 ## - GENERAL NOTE | |
| General note | Based on H.P.V. Nunn's The elements of New Testament Greek. |
| 504 ## - BIBLIOGRAPHY, ETC. NOTE | |
| Bibliography, etc. note | Includes English-Greek glossary and index. |
| 520 ## - SUMMARY, ETC. | |
| Summary, etc. | This text presents 44 lessons and many exercises that introduce the elements of Greek essential to theological students reading the New Testament (in Greek). The vocabulary (glossary) is of particular use, including every word which appears more than 30 times in the New Testament. |
| 650 #0 - SUBJECT ADDED ENTRY--TOPICAL TERM | |
| Topical term or geographic name entry element | Greek language, Biblical |
| General subdivision | Grammar. |
| Authority record control number or standard number | https://id.loc.gov/authorities/subjects/sh2008105406 |
| 700 1# - ADDED ENTRY--PERSONAL NAME | |
| Personal name | Nunn, H. P. V. |
| Fuller form of name | (Henry Preston Vaughan). |
| Title of a work | Elements of New Testament Greek. |
| 942 ## - ADDED ENTRY ELEMENTS (KOHA) | |
| Source of classification or shelving scheme | Dewey Decimal Classification |
| Koha item type | Books |
| Withdrawn status | Lost status | Source of classification or shelving scheme | Damaged status | Not for loan | Collection code | Home library | Current library | Shelving location | Date acquired | Full call number | Barcode | Date last seen | Price effective from | Koha item type |
|---|---|---|---|---|---|---|---|---|---|---|---|---|---|---|
| Dewey Decimal Classification | Non-fiction | Harvest Mission College | Harvest Mission College | General Stacks | 30.11.2022 | 487.4 W474E | 012928 | 30.11.2022 | 30.11.2022 | Books |
